000
00286nam a2200109Ia 4500
003
GCL
008
140319s9999 xx 000 0 eng d
040
_a
GCL /
_c
GCL
082
0
4
_a
604.2
_b
G P
245
1
0
_a
Principes of Engimeering Craphics
260
_a
[S.N] :
_b
ABT AKVERT SKIRA S.A ،
_c
1994
999
_c
12934
_d
12934